Directors by 3 Top Movies Quiz Stats

Quiz Updated Dec 30, 2017

Challenge
Share
Tweet
Embed
Score 0/30 Timer 06:00
8 Plays Today
% Correct
Quentin Tarantino
93.9%
Alfred Hitchcock
93.6%
Steven Spielberg
92.8%
Clint Eastwood
91.8%
Peter Jackson
89.4%
Woody Allen
88.6%
Martin Scorsese
88.4%
Tim Burton
87.3%
Francis Ford Coppola
87.2%
The Coen Brothers
86.1%
M. Night Shyamalan
85%
Christopher Nolan
84.9%
Ridley Scott
84.7%
Mel Brooks
83.4%
Charlie Chaplin
83.2%
% Correct
Stanley Kubrick
82.9%
Orson Welles
82.9%
J. J. Abrams
81.8%
John Hughes
74.7%
James Cameron
74.4%
Robert Zemeckis
71%
David Fincher
68.6%
Ron Howard
68.1%
Frank Capra
66.9%
Bryan Singer
62.2%
Billy Wilder
53.8%
John Huston
52.5%
David Lean
46%
Howard Hawks
38.8%
Michael Curtiz
31.4%

You're not logged in!

Compare scores with friends on all Sporcle quizzes.
Join for Free
OR
Log In

You Might Also Like...

Show Comments

Extras

Top Quizzes Today


Score Distribution

Your Account Isn't Verified!

In order to create a playlist on Sporcle, you need to verify the email address you used during registration. Go to your Sporcle Settings to finish the process.

Report this User

Report this user for behavior that violates our Community Guidelines.

Details: